000 00354nam a2200157Ia 4500
003 OSt
008 191201s2007 xx 000 0 und d
082 _a658.8
_bRAL
100 _aRAO, Pramod
245 0 _aLogistics Management Concepts and Cases
250 _a1st
260 _aHyderabad
_bIUP
_c2007
300 _a211
650 _aMBA
942 _2ddc
_cBK
999 _c4744
_d4744